Amt des Dichters : Aufsätze, Rezensionen, Notizen 1964-1978 /

Hlavní autor: Kirsch, Rainer, 1934-2015
Jazyk: Němčina
Vydáno: Rostock : Hinstorff, 1979
Vydání: 1. Aufl.
Fyzický popis: 184 s. : portrét ; 19 cm
Knihy
Uloženo v:
LEADER 00698nam a22002292a 4500
001 000895666
003 CZ BrMZK
005 20130527100607.0
007 ta
008 080503s1979 gw c er|||||||||||ger d
040 |a BOA001  |b cze 
080 9 |a 830(430.2)-4 
080 9 |a 830.09 
100 1 |a Kirsch, Rainer,  |d 1934-2015  |7 xx0055334  |4 aut 
245 1 0 |a Amt des Dichters :  |b Aufsätze, Rezensionen, Notizen 1964-1978 /  |c Rainer Kirsch 
250 |a 1. Aufl. 
260 |a Rostock :  |b Hinstorff,  |c 1979 
300 |a 184 s. :  |b portrét ;  |c 19 cm 
910 |a BOA001  |b 1-0814.982 
990 |a BK 
991 |b 200804 
996 7 |b 2619559691  |c 1-0814.982  |l MZK  |r Sklad / do 1 hodiny  |n 0  |w 000895666  |u 000010  |a 1  |e BOA001  |j MZK50  |s A